| 000 | 01448cam a2200289 4500 | ||
|---|---|---|---|
| 001 | ABS64724 | ||
| 008 | 011025n2001 000 0 eng u | ||
| 035 | _a(Sirsi) u115310 | ||
| 100 | _aDewar, D | ||
| 245 | _aSurvey results show a deluge of concern | ||
| 260 | _c2001 | ||
| 490 |
_aPlanning (for the Natural and Built Environment) _v(1436) 28 September 2001, 16(1) |
||
| 520 | _aReports back on responses to a survey asking practictioners whether the planning system needs more resources. The survey found that planners in local government are very concerned about inadequate resources and believe this affects their performance. Many respondents said more staff are needed to meet targets, and called for more investment in training and IT to improve the status of their profession. Other common responses related to poor pay, over-heavy workloads and the eight-week deadline for processing planning applications as a measure of performance. Further responses to the survey will be reported in subsequent issues of "Planning". | ||
| 590 | _aABS | ||
| 650 | _aWORKLOAD | ||
| 650 | _aSURVEY | ||
| 650 | _aLOCAL GOVERNMENT | ||
| 650 | _aCAREERS, EDUCATION AND TRAINING | ||
| 650 | _aPLANNING APPLICATIONS | ||
| 650 | _aPERFORMANCE INDICATORS | ||
| 650 | _aIMAGE | ||
| 650 | _aPLANNERS | ||
| 650 | _aPLANNING SYSTEM | ||
| 650 | _aRESOURCES | ||
| 690 | _aMANAGEMENT-BUSINESS MANAGEMENT-PROFESSIONAL PRACTICE | ||
| 942 | _n0 | ||
| 999 |
_c68674 _d68674 |
||